Statistics for Word Chain - The Bible

Click here to take the quiz!

General Stats

  • This quiz has been taken 13,143 times
  • The average score is 19 of 24

Answer Stats

Hint Answer % Correct
First person in the BibleAdam
98%
What Jesus walked onWater
98%
Slayer of GoliathDavid
95%
She was made from a ribEve
93%
Comes before Mark, Luke, and JohnMatthew
92%
Gabriel or Michael, for exampleAngel
89%
Country that Moses fled fromEgypt
89%
Let he who is without sin throw the first ...Stone
86%
Town where Jesus grew upNazareth
86%
What gave Samson his powerHair
83%
Insect that plagued the EgyptiansLocust
83%
The last book of the BibleRevelation
80%
King who tried to kill Jesus as a babyHerod
80%
What the city of Babel tried to buildTower
79%
Wise king with 700 wivesSolomon
76%
Prophet who spent a night in the lions' denDaniel
75%
His three sons were named Shem,
Ham, and Japheth
Noah
75%
Apostle who doubted Christ's resurrectionThomas
74%
Holiest building in JerusalemTemple
73%
Resurrected by JesusLazarus
72%
God's sign that no more floods will happenRainbow
69%
Shortest verse: Jesus ____Wept
64%
Mother of JacobRebecca
47%
Prophet who followed Elijah and
had twice his power
Elisha
36%

Score Distribution

Percentile by Number Answered

Percent of People with Each Score

Your Score History

You have not taken this quiz